Logo BPK

Bibliografia Prac Pracowników

Politechniki Koszalińskiej

Ewolucyjne projektowanie filtrów cyfrowych FIR (z gwarantowaną liniowością fazy) / (Rekord nr 3674)

Szczegóły MARC
000 -ETYKIETA REKORDU
podpole kontrolne o stałej długości 01634naa a22002651i 4500
001 - NUMER KONTROLNY REKORDU
podpole kontrolne BPP
003 - IDENTYFIKATOR NUMERU KONTROLNEGO REKORDU
podpole kontrolne BPK
005 - DATA OSTATNIEJ MODYFIKACJI REKORDU
podpole kontrolne 20191017092923.0
008 - POLE O STAŁEJ DŁUGOŚCI - DANE KONTROLNE
podpole kontrolne o stałej długości 151204s2003 pl f |100 0 pol d
040 ## - ŹRÓDŁO KATALOGOWANIA
Instytucja, która utworzyła rekord BPK
Instytucja, która dokonała modyfikacji KOSZ 005/ac
080 ## - UNIWERSALNA KLASYFIKACJA DZIESIĘTNA - UKD
UKD 621.3.037.37
100 1# - NAZWA OSOBOWA
Nazwa osobowa SŁOWIK, Adam.
Lata pracy 2005 - .
Instytucja Politechnika Koszalińska - Wydział Elektroniki,
Wydział Katedra Inżynierii Komputerowej
245 10 - TYTUŁ/ODPOWIEDZIALNOŚĆ
Tytuł Ewolucyjne projektowanie filtrów cyfrowych FIR (z gwarantowaną liniowością fazy) /
Pozostałe elementy strefy tytułu i oznaczenia odpowiedzialności Adam Słowik, Marian Kopczewski.
500 ## - UWAGI OGÓLNE
Tekst uwagi Dane z autopsji.
520 ## - UWAGA DOTYCZĄCA TREŚCI DOKUMENTU
Analiza dokumentacyjna, adnotacja itp. Zaprezentowano metodę wykorzystania algorytmu ewolucyjnego do projektowania filtru cyfrowego typu FIR (Finite Impulse Response). Proponowana metoda przedstawiona w wersji, która uwzględnia liniowość fazy w paśmie przepustowym, czyli gwarantuje symetrię współczynników filtru. Otrzymane wyniki porównano z wynikami otrzymanymi podczas projektowania filtrów FIR, przy użyciu jednej z typowo stosowanych metod tj. metody Parksa-McClenllana.
650 #4 - HASŁO PRZEDMIOTOWE W FORMIE NAZWY OGÓLNEJ LUB JEDNOSTKOWEJ
Nazwa ogólna lub geograficzna Inteligencja sztuczna.
650 #4 - HASŁO PRZEDMIOTOWE W FORMIE NAZWY OGÓLNEJ LUB JEDNOSTKOWEJ
Nazwa ogólna lub geograficzna Filtracja cyfrowa.
650 #4 - HASŁO PRZEDMIOTOWE W FORMIE NAZWY OGÓLNEJ LUB JEDNOSTKOWEJ
Nazwa ogólna lub geograficzna Algorytmy genetyczne.
655 #4 - TERMIN INDEKSOWY - OKREŚLENIE RODZAJU/FORMY DOKUMENTU
Określnie rodzaju/formy dokumentu Materiały konferencyjne.
650 #4 - HASŁO PRZEDMIOTOWE W FORMIE NAZWY OGÓLNEJ LUB JEDNOSTKOWEJ
Nazwa ogólna lub geograficzna Projektowanie
700 1# - HASŁO DODATKOWE - NAZWA OSOBOWA
Nazwa osobowa KOPCZEWSKI, Marian.
Lata pracy 1997 - .
Instytucja Politechnika Koszalińska - Wydział Elektroniki,
Wydział Katedra Telekomunikacji
773 0# - TYTUŁ DOKUMENTU MACIERZYSTEGO
Wyrażenie wprowadzające W :
Tytuł II Krajowa Konferencja Elektroniki : materiały konferencji. T. 2/2. -
Adres wydawniczy Koszalin : Wydział Elektroniki Politechniki Koszalińskiej, 2003. -
Informacje dotyczące relacji s. 399-404
711 22 - HASŁO DODATKOWE - NAZWA IMPREZY
Nazwa imprezy Krajowa Konferencja Elektroniki
Oznaczenie części/sekcji dzieła (2 ;
Data imprezy 2003 ;
Miejsce imprezy Kołobrzeg, Polska).
Nazwa części/sekcji dzieła KKE'2003
942 ## - HASŁO DODATKOWE - ELEMENTY(KOHA)
Typ dokumentu Rozdział
Schemat klasyfikacji Uniwersalna klasyfikacja dziesiętna
Egzemplarze
Wycofany Zagubiony Uszkodzony Dostępność Lokalizacja stała Lokalizacja bieżąca Sygnatura Typ dokumentu
      Dostępny Bibliografia Prac Pracowników - BPK Bibliografia Prac Pracowników - BPK 67789 Rozdział
© 2014 Biblioteka Politechniki Koszalińskiej :: BIBLIOGRAFIA PRAC PRACOWNIKÓW